Former Colonial Holders Quiz Stats

 Plays Quiz not verified by Sporcle

Challenge
Share
Tweet
Embed
Score 0/22 Timer 10:00
0 Plays Today
Examples of former colonies Colonial Power % Correct
Australia, Canada, India, South AfricaBritain
100%
Algeria, Indochina, MadagascarFrance
98.6%
Korea, TaiwanJapan
98.6%
Philippines, Puerto RicoUS
98.6%
Barbados, Cisplatina, MozambiquePortugal
97.9%
Alaska, Finland, PolandRussia
97.9%
Jamaica, Philippines, TrinidadSpain
97.9%
KoreaChina
97.9%
Albania, Eritrea, LibyaItaly
96.4%
Frederik Oerne Islands, IcelandDenmark
95.7%
Kamerun, Nauru, Togoland, WitulandGermany
94.3%
Examples of former colonies Colonial Power % Correct
Ceylon, Mauritius, Sao TomeNetherlands
92.1%
Ruanda-UrundiBelgium
91.4%
Jan Mayen, SvalbardNorway
91.4%
Estonia, Ingria, LivoniaSweden
90.7%
Nauru, PapuaAustralia
81.3%
Iraq, Lebanon, SyriaOttoman Empire
78.6%
Nauru, Western SamoaNew Zealand
75%
Nicobar IslandsAustria
51.4%
Arguin, St ThomasBrandenburg-Prussia
17.1%
St Andrews IslandCourland
10.7%
Saint-Barthelemy, TortugaKnights of Malta
3.6%

You're not logged in!

Compare scores with friends on all Sporcle quizzes.
OR
Log In

You Might Also Like...

Show Comments

Extras

Top Quizzes Today


Score Distribution

Your Account Isn't Verified!

In order to create a playlist on Sporcle, you need to verify the email address you used during registration. Go to your Sporcle Settings to finish the process.

Report this User

Report this user for behavior that violates our Community Guidelines.

Details: